LEADER 01568nam0 2200397 i 450 001 VAN0103220 005 20220214024138.30 017 70$2N$a978-3-319-02045-7 100 $a20151028d2014 |0itac50 ba 101 $aeng 102 $aCH 105 $a|||| ||||| 200 1 $aLocally convex spaces$fM. Scott Osborne 210 $aCham$cSpringer$d2014 215 $aVII, 213 p.$cill.$d24 cm 410 1$1001VAN0023579$12001 $aGraduate texts in mathematics$1210 $aNew York [etc.]$cSpringer$v269 500 1$3VAN0240384$aLocally convex spaces$9257832 606 $a46Axx$xTopological linear spaces and related structures [MSC 2020]$3VANC022219$2MF 610 $aDual spaces$9KW:K 610 $aFredholm Theory$9KW:K 610 $aFréchet Spaces$9KW:K 610 $aHahn?Banach Theorem$9KW:K 610 $aLocally convex spaces$9KW:K 610 $aMontel spaces$9KW:K 610 $aTopological groups$9KW:K 620 $aCH$dCham$3VANL001889 700 1$aOsborne$bM. Scott$3VANV042653$062669 712 $aSpringer $3VANV108073$4650 801 $aIT$bSOL$c20240614$gRICA 856 4 $uhttp://dx.doi.org/10.1007/978-3-319-02045-7$zE-book ? Accesso al full-text attraverso riconoscimento IP di Ateneo, proxy e/o Shibboleth 899 $aBIBLIOTECA CENTRO DI SERVIZIO SBA$2VAN15 912 $fN 912 $aVAN0103220 950 $aBIBLIOTECA CENTRO DI SERVIZIO SBA$d15CONS SBA EBOOK 4787 $e15EB 4787 20191107 996 $aLocally convex spaces$9257832 997 $aUNICAMPANIA LEADER 03850nam 2200817z- 450 001 9910557582403321 005 20220111 035 $a(CKB)5400000000043824 035 $a(oapen)https://directory.doabooks.org/handle/20.500.12854/76284 035 $a(oapen)doab76284 035 $a(EXLCZ)995400000000043824 100 $a20202201d2021 |y 0 101 0 $aeng 135 $aurmn|---annan 181 $ctxt$2rdacontent 182 $cc$2rdamedia 183 $acr$2rdacarrier 200 00$aLeaving a Violent Relationship 210 $aBasel, Switzerland$cMDPI - Multidisciplinary Digital Publishing Institute$d2021 215 $a1 online resource (134 p.) 311 08$a3-0365-0422-2 311 08$a3-0365-0423-0 330 $aIntimate partner violence (IPV), defined as physical, sexual, emotional, and economic abuse and controlling behaviors inflicted within intimate partner relationships, is a global crisis that extends beyond national and sociocultural boundaries, affecting people of all ages, religions, ethnicities, and economic backgrounds. Though studies exist that seek to explain how people become trapped within violent relationships and what factors facilitate survival, escape and safety, this book provides fresh insights into this complex and multifaceted issue. People often ask of women in abusive relationships "why does she stay?" Critics suggest that this question carries implicit notions of victim blame and fails to hold to account the perpetrators of abuse. The studies described in this book, however, explore the question from the perspectives of survivors and represent a shift away from individual pathology to an approach based on the recognition of structural oppression, agency and resilience. Comprising eight chapters, new theoretical frameworks for the analysis of IPV are provided to guide practitioners and policy makers in improving services for vulnerable people in abusive relationships, and a range of studies into the experiences of a diverse range of survivors, including mothers in Portugal, women who experienced child marriage in Uganda, and refugees in the United States of America, generate findings which elucidate perspectives from marginalised and under-researched groups. 606 $aPsychology$2bicssc 610 $aadolescent sexting 610 $achild marriage 610 $achoosing own partner 610 $acodependency 610 $acrime 610 $acultural competence 610 $adating violence (DV) 610 $adiverse populations 610 $adomestic violence 610 $aeducational leadership 610 $aeducational policy 610 $agender violence 610 $agirls 610 $ahelp-seeking 610 $ahuman rights 610 $aintersectionality 610 $aintimate partner violence 610 $aintimate partner violence (IPV) 610 $aleave abusive relationships 610 $aleave or stay 610 $aleaving an intimate relationship 610 $aleaving violent relationships 610 $amother 610 $aorganizational cultural responsiveness 610 $aprison 610 $aprosocial adolescent behavior 610 $arefugees 610 $asex education curriculum 610 $astay in abusive relationships 610 $asurvivor 610 $ateen dating violence (TDV) 610 $atheory 610 $atrauma 610 $aUganda 610 $aUK 610 $avictims 610 $avictims of dating violence 610 $awomen 610 $awomen of South Asian heritage 610 $ayoung people 615 7$aPsychology 700 $aJones$b Adele$4edt$01323770 702 $aJones$b Adele$4oth 906 $aBOOK 912 $a9910557582403321 996 $aLeaving a Violent Relationship$93035835 997 $aUNINA